LEADER 01552nam 2200385Ka 450 001 9910696895403321 005 20080721154936.0 035 $a(CKB)5470000002381923 035 $a(OCoLC)234316275 035 $a(EXLCZ)995470000002381923 100 $a20080721d2004 ua 0 101 0 $aeng 181 $ctxt$2rdacontent 182 $cc$2rdamedia 183 $acr$2rdacarrier 200 10$aForest health assessment of whitebark pine in selected stands in the Selkirk Mountains of northern Idaho, 2001$b[electronic resource] /$fSandra Kegley, John Schwandt, and Ken Gibson 210 1$aMissoula, MT :$cU.S. Dept. of Agriculture, Forest Service, Northern Region, Forest Health Protection,$d[2004] 215 $a8 pages $cdigital, PDF file 225 1 $aReport ;$v04-5 300 $aTitle from title screen (viewed on July 21, 2008). 300 $a"February 2004." 606 $aWhitebark pine$xHealth$zSelkirk Range 606 $aForest health$zSelkirk Range 615 0$aWhitebark pine$xHealth 615 0$aForest health 700 $aKegley$b Sandy$01389222 701 $aSchwandt$b John W$01389223 701 $aGibson$b Kenneth E$g(Kenneth Edward),$f1905-$01385512 712 02$aUnited States.$bForest Service.$bNorthern Region.$bState & Private Forestry.$bForest Health Protection. 801 0$bGPO 801 1$bGPO 906 $aBOOK 912 $a9910696895403321 996 $aForest health assessment of whitebark pine in selected stands in the Selkirk Mountains of northern Idaho, 2001$93440501 997 $aUNINA